00714nam a2200205 a 4500001001000000003000500010005001700015008004100032010001100073011001100084040000900095100003200104245017100136260003700307300001400344502004600358650002800404650003400432650004200466000109826CHAP20220329144105.0140530s2012 mx ad |rm |0|||||spa d a106288 a107260 cCHAP1 aTorres Ortiz, Gladys Marina10aEvaluación de cuatro niveles de un probiótico natural (tepache) sobre el peso de la canal y sus fracciones en pollos de engorda /cpor Gladys Marina Torres Ortiz. aCocula, Gro. :bEl autor,c2012. aiv, 59 h. aTesis (Ing. Agr. Zootecnista) -- CSAEGRO.14aPollosxAlimentación.14aPollosxEngordaxRendimiento.14aProbióticosxAlimentación animal.